[Event "IX EICC"]
[Site "Plovdiv BUL"]
[Date "2008.04.30"]
[Round "9"]
[White "Kritz,L"]
[Black "Sulskis,S"]
[Result "1/2-1/2"]
[WhiteElo "2609"]
[BlackElo "2553"]
[EventDate "2008.04.21"]

1. e4 e5 2. Nf3 Nc6 3. Bb5 a6 4. Ba4 Nf6 5. d3 d6 6. c3 g6 7. O-O Bg7 8.
Re1 O-O 9. Nbd2 Nh5 10. Nf1 f5 11. exf5 Bxf5 12. Bg5 Qc8 13. Ne3 Kh8 14.
Nxf5 Qxf5 15. Qe2 Qg4 16. Bxc6 bxc6 17. Qe4 Qxe4 18. Rxe4 c5 19. Ra4 Kg8
20. Re1 Nf4 21. Bxf4 Rxf4 22. Rxf4 exf4 23. Kf1 Rb8 24. Re2 Bf6 25. Ke1 g5
26. h3 h5 27. Kd1 Kf7 28. Kc2 g4 29. hxg4 hxg4 30. Nh2 Rg8 31. Re4 Be5 32.
g3 fxg3 33. fxg3 Bxg3 34. Nxg4 Rh8 35. Ne3 Rh2+ 36. Kb3 Rd2 37. d4 cxd4 38.
Nf1 Rd3 39. Nxg3 Rxg3 40. Rxd4 Rg5 41. Ra4 Rb5+ 42. Rb4 Rxb4+ 43. Kxb4 c5+
44. Kc4 Ke6 45. a4 Kd7 46. Kd5 1/2-1/2

[Event "IX EICC"]
[Site "Plovdiv BUL"]
[Date "2008.04.30"]
[Round "9"]
[White "Brkic,A"]
[Black "Iordachescu,V"]
[Result "0-1"]
[WhiteElo "2521"]
[BlackElo "2584"]
[EventDate "2008.04.21"]

1. e4 e5 2. Nf3 Nc6 3. Bb5 Nf6 4. O-O Nxe4 5. d4 a6 6. Ba4 b5 7. Bb3 d5 8.
dxe5 Be6 9. Nbd2 Nc5 10. c3 Be7 11. Bc2 d4 12. Nb3 d3 13. Bb1 Nxb3 14. axb3
Bf5 15. Be3 O-O 16. Bd4 Qd5 17. Re1 d2 18. Qxd2 Bxb1 19. Raxb1 Qxb3 20. e6
fxe6 21. Re4 Rad8 22. Qe2 Bf6 23. Rxe6 Nxd4 24. Nxd4 Bxd4 25. cxd4 Rxd4 26.
Re7 Qd5 27. h3 c5 28. Re1 h6 29. Re5 Qc4 30. Qh5 Rd2 31. Rf5 Rxf5 32. Qxf5
Rd8 33. Qg6 b4 34. Re4 Qd5 35. Re6 a5 36. h4 h5 37. b3 Rf8 38. Re7 Qd4 39.
Qe6+ Kh7 40. Qe2 Rf5 41. Qc2 Qa1+ 42. Kh2 Qf6 43. Qe4 Qd6+ 44. g3 Qd5 45.
Qc2 Kg8 46. Rc7 Qf3 47. Kg1 Re5 48. Qd2 Re2 0-1

[Event "IX EICC"]
[Site "Plovdiv BUL"]
[Date "2008.04.30"]
[Round "9"]
[White "Bindrich,F"]
[Black "Stocek,J"]
[Result "1/2-1/2"]
[WhiteElo "2513"]
[BlackElo "2584"]
[EventDate "2008.04.21"]

1. Nf3 Nf6 2. c4 d6 3. Nc3 Bg4 4. d4 Nbd7 5. g3 c6 6. Bg2 e6 7. e4 Be7 8.
h3 Bh5 9. O-O O-O 10. Be3 h6 11. a3 Re8 12. b4 e5 13. Qb3 Bg6 14. Nd2 Nh5
15. dxe5 dxe5 16. c5 b6 17. cxb6 axb6 18. Nc4 Bg5 19. Rfd1 Bxe3 20. Nxe3
Nhf6 21. a4 Qb8 22. Qc4 Nf8 23. a5 Ne6 24. Nf5 Bxf5 25. exf5 Nd4 26. Ne4
Nd7 27. a6 Ra7 28. Kh2 b5 29. Qc3 Nxf5 30. Qxc6 Nd4 31. Qd6 Qxd6 32. Nxd6
Re6 33. Nf5 Nxf5 34. Rxd7 Rxd7 35. a7 Rxa7 36. Rxa7 e4 37. Rc7 g6 38. Rc5
e3 39. fxe3 Rxe3 40. g4 Nd4 41. Rd5 Rd3 42. Be4 Rd2+ 43. Kg3 Kg7 44. Kf4
Ne6+ 45. Ke3 Rh2 46. Rxb5 Rxh3+ 47. Kf2 Kf6 48. Bd5 Rd3 49. Bh1 Ng5 50. Ra5
Nh3+ 51. Ke2 Nf4+ 52. Kf2 Nh3+ 53. Ke2 Nf4+ 54. Kf2 Rb3 55. b5 Ne6 56. Bd5
Rb4 57. Ke3 Ke5 58. Ba2 Re4+ 59. Kf3 Nd4+ 60. Kg3 Re3+ 61. Kf2 Re2+ 62. Kg3
Re3+ 63. Kf2 Re2+ 64. Kg3 Re3+ 65. Kf2 1/2-1/2

[Event "IX EICC"]
[Site "Plovdiv BUL"]
[Date "2008.04.30"]
[Round "9"]
[White "Berescu,A"]
[Black "Mastrovasilis,D"]
[Result "1/2-1/2"]
[WhiteElo "2481"]
[BlackElo "2580"]
[EventDate "2008.04.21"]

1. e4 e5 2. Nf3 Nc6 3. Bb5 Nf6 4. Bxc6 dxc6 5. d3 Bd6 6. Nbd2 O-O 7. Nc4
Nd7 8. O-O Re8 9. Re1 Nf8 10. d4 exd4 11. Nxd6 cxd6 12. Nxd4 d5 13. exd5
Rxe1+ 1/2-1/2

[Event "IX EICC"]
[Site "Plovdiv BUL"]
[Date "2008.04.30"]
[Round "9"]
[White "Papadopoulos,I"]
[Black "Stevic,H"]
[Result "1/2-1/2"]
[WhiteElo "2471"]
[BlackElo "2571"]
[EventDate "2008.04.21"]

1. e4 e5 2. Nf3 Nc6 3. Bb5 a6 4. Ba4 Nf6 5. O-O Be7 6. Re1 b5 7. Bb3 d6 8.
c3 O-O 9. h3 Nb8 10. d4 Nbd7 11. Nbd2 Bb7 12. Bc2 Re8 13. a4 Bf8 14. Bd3 c6
15. b3 Qc7 16. Qc2 g6 17. Bb2 1/2-1/2

[Event "IX EICC"]
[Site "Plovdiv BUL"]
[Date "2008.04.30"]
[Round "9"]
[White "Swiercz,D"]
[Black "Kotanjian,T"]
[Result "1-0"]
[WhiteElo "2413"]
[BlackElo "2570"]
[EventDate "2008.04.21"]

1. e4 c5 2. Nf3 Nc6 3. d4 cxd4 4. Nxd4 e6 5. Nb5 d6 6. Bf4 e5 7. Be3 Nf6 8.
Bg5 a6 9. N5c3 Be7 10. Bxf6 Bxf6 11. Nd5 O-O 12. Nbc3 Bg5 13. Bd3 Be6 14.
O-O Rc8 15. Bc4 Kh8 16. Bb3 Nd4 17. Qd3 f5 18. exf5 Bxf5 19. Ne4 Qe8 20. c3
Qg6 21. Rae1 Ne6 22. Qe2 Rcd8 23. f3 h5 24. Qf2 Rd7 25. Nb6 Rdd8 26. Bxe6
Bxe6 27. Qg3 Rf5 28. h4 Bxa2 29. Nxg5 d5 30. Na4 d4 31. Nc5 Qb6 32. Rxe5
Rxe5 33. Qxe5 dxc3 34. bxc3 Bd5 35. Qd4 Rc8 36. Qxd5 Rxc5 37. Qd4 1-0

[Event "IX EICC"]
[Site "Plovdiv BUL"]
[Date "2008.04.30"]
[Round "9"]
[White "Mateuta,G"]
[Black "Miroshnichenko,E"]
[Result "1/2-1/2"]
[WhiteElo "2504"]
[BlackElo "2642"]
[EventDate "2008.04.21"]

1. d4 Nf6 2. Nf3 g6 3. Nbd2 c5 4. dxc5 Qa5 5. a3 Qxc5 6. b4 Qc7 7. Bb2 Bg7
8. e3 O-O 9. Be2 d6 10. c4 b6 11. O-O Bb7 12. Qb3 Nbd7 13. Bc3 Rac8 14.
Rfc1 Qb8 15. Qb2 Rc7 16. a4 e5 17. a5 Rfc8 18. axb6 axb6 19. Qa3 Re8 20.
Bb2 Bf8 21. h3 Qd8 22. Qa4 Qe7 23. Qb3 Rec8 24. Ba3 h6 25. Ra2 Qe6 26. Rac2
Ra8 27. Bb2 Bc6 28. Ra1 Rac8 29. Rac1 Kh7 30. Bf1 Qe7 31. Be2 Kg8 32. Kf1
Ra8 33. Ra1 Qe8 34. Rxa8 Qxa8 35. Rc1 Ra7 36. Qc3 Bg7 37. Kg1 Ra2 38. Ra1
Rxa1+ 39. Bxa1 Ne4 1/2-1/2

[Event "IX EICC"]
[Site "Plovdiv BUL"]
[Date "2008.04.30"]
[Round "9"]
[White "Bosiocic,Mari"]
[Black "Pelletier,Y"]
[Result "1-0"]
[WhiteElo "2503"]
[BlackElo "2607"]
[EventDate "2008.04.21"]

1. e4 e5 2. Nf3 Nc6 3. Bb5 a6 4. Ba4 Nf6 5. O-O Be7 6. Re1 b5 7. Bb3 O-O 8.
h3 Bb7 9. d3 d6 10. a3 Na5 11. Ba2 c5 12. Nc3 Nc6 13. Nd5 Nxd5 14. Bxd5 Qc7
15. c3 Rac8 16. a4 Nb8 17. axb5 axb5 18. Qb3 Bxd5 19. exd5 Qb6 20. d4 c4
21. Qc2 f6 22. Be3 Qd8 23. Ra7 Rc7 24. Rea1 g6 25. h4 Nd7 26. h5 f5 27.
dxe5 dxe5 28. hxg6 hxg6 29. R7a6 Bf6 30. Ng5 1-0

[Event "IX EICC"]
[Site "Plovdiv BUL"]
[Date "2008.04.30"]
[Round "9"]
[White "Saric,Iv"]
[Black "Huzman,A"]
[Result "1/2-1/2"]
[WhiteElo "2500"]
[BlackElo "2602"]
[EventDate "2008.04.21"]

1. e4 e5 2. Nf3 Nf6 3. Nxe5 d6 4. Nf3 Nxe4 5. d4 d5 6. Bd3 Be7 7. O-O Nc6
8. c4 Nb4 9. cxd5 Nxd3 10. Qxd3 Qxd5 11. Re1 Bf5 12. Ne5 g6 13. Nc3 Nxc3
14. Qxc3 O-O 1/2-1/2

[Event "IX EICC"]
[Site "Plovdiv BUL"]
[Date "2008.04.30"]
[Round "9"]
[White "Bartel,Mat"]
[Black "Colovic,A"]
[Result "1-0"]
[WhiteElo "2588"]
[BlackElo "2493"]
[EventDate "2008.04.21"]

1. d4 Nf6 2. c4 e6 3. Nf3 d5 4. Nc3 Bb4 5. Qa4+ Nc6 6. e3 O-O 7. Qc2 a6 8.
a3 Be7 9. b4 dxc4 10. Bxc4 Bd6 11. Bb2 e5 12. dxe5 Bxe5 13. Nxe5 Nxe5 14.
Be2 Be6 15. Ne4 Bf5 16. Nxf6+ Qxf6 17. Qxc7 Nd3+ 18. Bxd3 Qxb2 19. Rb1 Rac8
20. Qxc8 Qxb1+ 21. Bxb1 Rxc8 22. Kd2 Rd8+ 23. Ke2 Bg4+ 24. f3 Be6 25. Rc1
Kf8 26. Rc7 Rd7 27. Rxd7 Bxd7 28. Kd3 Ke7 29. Kd4 Kd6 30. e4 b6 31. e5+ Ke6
32. Ba2+ Ke7 33. Bc4 Bc8 34. a4 a5 35. bxa5 bxa5 36. Kc5 Bd7 37. Bb3 g5 38.
Kb6 f6 39. e6 1-0

[Event "IX EICC"]
[Site "Plovdiv BUL"]
[Date "2008.04.30"]
[Round "9"]
[White "Minasian,Art"]
[Black "Bojkov,D"]
[Result "0-1"]
[WhiteElo "2574"]
[BlackElo "2492"]
[EventDate "2008.04.21"]

1. g3 e5 2. c4 Nf6 3. Bg2 d5 4. cxd5 Nxd5 5. Nc3 Nb6 6. Nf3 Nc6 7. O-O Be7
8. a3 O-O 9. b4 Be6 10. d3 f6 11. Be3 a5 12. b5 Nd4 13. Bxd4 exd4 14. Na4
Qd7 15. Qc2 Rad8 16. Rfb1 Nxa4 17. Qxa4 b6 18. Rc1 Bc5 19. Nd2 f5 20. Rxc5
bxc5 21. Rc1 Qe7 22. Qc2 Bf7 23. Bf3 Qg5 24. Bc6 Qh6 25. Nb3 c4 26. dxc4 f4
27. Nc5 fxg3 28. hxg3 Bg6 29. Qd1 Rd6 30. Bd5+ Kh8 31. Ne6 Be4 32. Bxe4
Rxe6 33. Bf3 d3 34. Rb1 dxe2 35. Bxe2 Ref6 36. Qd4 Rxf2 37. Qxf2 Rxf2 38.
Kxf2 Qh2+ 39. Kf3 Qh5+ 40. g4 Qh3+ 41. Kf2 Qxa3 42. Rd1 Qe7 43. Rd5 a4 44.
c5 a3 45. Bc4 Qf6+ 46. Ke2 g5 47. c6 Qc3 48. Rd8+ Kg7 49. Rd7+ Kf6 50. Bg8
Qb2+ 51. Kf3 a2 52. Bxa2 Qxa2 53. Rxc7 Qd5+ 54. Kf2 Qd4+ 0-1

[Event "IX EICC"]
[Site "Plovdiv BUL"]
[Date "2008.04.30"]
[Round "9"]
[White "Vasilev,M"]
[Black "Marin,Mi"]
[Result "0-1"]
[WhiteElo "2469"]
[BlackElo "2556"]
[EventDate "2008.04.21"]

1. d4 Nf6 2. Nf3 g6 3. g3 Bg7 4. Bg2 c5 5. O-O cxd4 6. Nxd4 O-O 7. c4 d5 8.
cxd5 Nxd5 9. Nc3 Nxc3 10. bxc3 Qa5 11. Bb2 Nc6 12. a4 Rd8 13. Bxc6 bxc6 14.
Nxc6 Rxd1 15. Nxa5 Rd2 16. Nc4 Rxe2 17. Rae1 Rxe1 18. Rxe1 Be6 19. Ne5 Rc8
20. f4 Bd5 21. a5 e6 22. Rc1 f6 23. Ng4 f5 24. Ne5 Bxe5 25. fxe5 Rc4 26.
Kf2 g5 27. Rd1 Rc5 28. a6 Kf7 29. Bc1 Kg6 30. Be3 Rxc3 31. Bxa7 Ra3 32. Bc5
Rxa6 33. Ke3 Ra2 34. Rd2 f4+ 35. gxf4 gxf4+ 36. Kd3 Ra1 37. Rb2 Rd1+ 38.
Rd2 Rb1 39. Bd4 Kf5 40. Bb2 Rf1 41. Bd4 h5 42. Rb2 Rf3+ 43. Ke2 Rh3 44. Ke1
Ke4 45. Rd2 Bc4 46. Bb2 Re3+ 47. Kf2 Rf3+ 48. Kg2 Bf1+ 49. Kg1 Bd3 50. Kg2
h4 51. Rd1 Re3 52. Kg1 Re2 53. Bc3 f3 0-1

[Event "IX EICC"]
[Site "Plovdiv BUL"]
[Date "2008.04.30"]
[Round "9"]
[White "Filip,L"]
[Black "Ovetchkin,R"]
[Result "1/2-1/2"]
[WhiteElo "2459"]
[BlackElo "2556"]
[EventDate "2008.04.21"]

1. Nf3 g6 2. c4 Bg7 3. d4 c5 4. e4 cxd4 5. Nxd4 Nc6 6. Be3 Nf6 7. Nc3 O-O
8. Be2 b6 9. O-O Bb7 10. f3 e6 11. Qd2 Qe7 12. Ndb5 Ne8 13. Rfd1 d6 14. Bg5
f6 15. Be3 Rd8 16. Kh1 f5 17. Bg5 Bf6 18. Be3 Ba8 19. Rac1 Rf7 20. b3 Qf8
21. Bf1 f4 22. Bg1 g5 23. Nd4 Qh6 24. Nxc6 Bxc6 25. Bd4 Rdd7 26. Qe1 Bxd4
27. Rxd4 g4 28. Rcd1 gxf3 29. gxf3 Rg7 30. R1d2 Qh5 31. R4d3 Rg5 32. Rg2
Rdg7 33. Rxg5 Rxg5 34. Qf2 Kf8 35. Ne2 e5 36. Nc3 Rg6 37. a4 Rh6 38. b4 Qh4
39. Qxh4 Rxh4 40. Nb5 a5 41. bxa5 bxa5 42. Nxd6 Rh6 43. Nf5 Rg6 44. Rd8
1/2-1/2

[Event "IX EICC"]
[Site "Plovdiv BUL"]
[Date "2008.04.30"]
[Round "9"]
[White "Dizdar,G"]
[Black "Vavrak,P"]
[Result "1-0"]
[WhiteElo "2548"]
[BlackElo "2466"]
[EventDate "2008.04.21"]

1. c4 Nf6 2. Nc3 g6 3. g3 d5 4. cxd5 Nxd5 5. Bg2 Nb6 6. d3 Bg7 7. Be3 Nc6
8. Bxc6+ bxc6 9. Qd2 h6 10. Nf3 Bh3 11. Rg1 Bg4 12. Rc1 Qd7 13. Nh4 Nd5 14.
Nxd5 cxd5 15. d4 e5 16. f3 Be6 17. dxe5 g5 18. Ng2 Bxe5 19. Bd4 Qd6 20. f4
gxf4 21. Nxf4 Rb8 22. Kf2 Kd7 23. Rc5 Rb7 24. Qe3 Bxd4 25. Qxd4 Rhb8 26.
Rgc1 Rb5 27. Nxe6 Rb4 28. Qf6 1-0

[Event "IX EICC"]
[Site "Plovdiv BUL"]
[Date "2008.04.30"]
[Round "9"]
[White "Jovanovic,Zo CRO"]
[Black "Sanduleac,V"]
[Result "1/2-1/2"]
[WhiteElo "2546"]
[BlackElo "2461"]
[EventDate "2008.04.21"]

1. e4 c6 2. d4 d5 3. exd5 cxd5 4. c4 Nf6 5. Nc3 e6 6. Nf3 Bb4 7. cxd5 Nxd5
8. Bd2 Nc6 9. Bd3 Be7 10. O-O O-O 11. Re1 Nf6 12. Bg5 Nb4 13. Bb1 Bd7 14.
Ne5 Bc6 1/2-1/2

[Event "IX EICC"]
[Site "Plovdiv BUL"]
[Date "2008.04.30"]
[Round "9"]
[White "Margvelashvili,G"]
[Black "Zhigalko,A"]
[Result "0-1"]
[WhiteElo "2455"]
[BlackElo "2545"]
[EventDate "2008.04.21"]

1. d4 Nf6 2. Nf3 g6 3. c4 Bg7 4. Nc3 d6 5. e4 O-O 6. h3 e5 7. d5 a5 8. Bg5
Na6 9. Nd2 Qe8 10. Be2 Nd7 11. Nb3 b6 12. g4 Ndc5 13. Nxc5 Nxc5 14. Rg1 Kh8
15. Qd2 f5 16. gxf5 gxf5 17. exf5 Bxf5 18. Rg3 Bg6 19. Be3 Rf4 20. Bxf4
exf4 21. Rf3 a4 22. Rc1 Qe5 23. Kf1 Bh5 24. Qxf4 Bxf3 25. Qxe5 Bxe5 26.
Bxf3 a3 27. b4 Nd3 28. Ne2 Nxb4 0-1

[Event "IX EICC"]
[Site "Plovdiv BUL"]
[Date "2008.04.30"]
[Round "9"]
[White "Sarakauskas,G"]
[Black "Jianu,V"]
[Result "1/2-1/2"]
[WhiteElo "2449"]
[BlackElo "2531"]
[EventDate "2008.04.21"]

1. e4 c5 2. Nf3 g6 3. c4 Bg7 4. d4 d6 5. d5 Nf6 6. Nc3 O-O 7. h3 e6 8. Bd3
exd5 9. cxd5 b5 10. Bxb5 Nxe4 11. Nxe4 Qa5+ 12. Nfd2 Qxb5 13. Nxd6 Qa6 14.
N2c4 Nd7 15. O-O Nb6 16. Nxb6 Qxb6 17. Nxc8 Raxc8 18. Rb1 Rfd8 1/2-1/2

[Event "IX EICC"]
[Site "Plovdiv BUL"]
[Date "2008.04.30"]
[Round "9"]
[White "Szabo,G ROM"]
[Black "Beinoras,M"]
[Result "1/2-1/2"]
[WhiteElo "2516"]
[BlackElo "2339"]
[EventDate "2008.04.21"]

1. e4 e5 2. Nf3 Nc6 3. d4 exd4 4. Nxd4 Nf6 5. Nxc6 bxc6 6. e5 Qe7 7. Qe2
Nd5 8. c4 Ba6 9. b3 O-O-O 10. Bb2 Qg5 11. a3 Nf4 12. Qf3 Bb7 13. Rg1 d6 14.
h4 Qf5 15. g3 Qc2 16. Qc3 Qe4+ 17. Kd1 dxe5+ 18. Nd2 Ne6 19. Qxe5 Qxe5 20.
Bxe5 Bc5 21. Bh3 Rhe8 22. Bxg7 Kb8 23. Bf6 Rd6 24. Be5 Rdd8 25. Bf6 Rd6 26.
Be5 Rdd8 27. Bf6 1/2-1/2

[Event "IX EICC"]
[Site "Plovdiv BUL"]
[Date "2008.04.30"]
[Round "9"]
[White "Macak,S"]
[Black "Nanu,C"]
[Result "1/2-1/2"]
[WhiteElo "2342"]
[BlackElo "2515"]
[EventDate "2008.04.21"]

1. e4 c6 2. d4 d5 3. Nd2 dxe4 4. Nxe4 Nd7 5. Nf3 Ngf6 6. Nxf6+ Nxf6 7. Bc4
Bf5 8. O-O e6 9. Ne5 Be7 10. c3 O-O 11. Bg5 h6 12. Bh4 Qc7 13. Qe2 Rad8 14.
Rad1 Nd5 15. Bxe7 Qxe7 16. Qf3 Nb6 17. Bd3 Bxd3 18. Rxd3 Nd7 19. Nxd7 Rxd7
20. Rfd1 Rfd8 21. Qe4 Rd5 22. R1d2 R5d6 23. g3 R8d7 24. c4 Qf6 25. b3 Qg5
26. f4 Qa5 27. Qe5 Qb4 28. f5 exf5 29. Qxf5 Re7 30. Qc5 Qxc5 31. dxc5 Rxd3
32. Rxd3 Re1+ 33. Kf2 Ra1 34. Rd8+ Kh7 35. Rd7 Rxa2+ 36. Ke3 b6 37. cxb6
axb6 38. Rb7 Rxh2 39. Rxb6 c5 40. Rb5 Rg2 41. Kf3 Rd2 42. Ke3 Rg2 43. Kf3
Rb2 44. Ke4 g5 45. g4 Rg2 46. Kf3 Rd2 47. Rxc5 Rd3+ 48. Ke4 Rxb3 49. Rb5
Rc3 50. Kd4 Rc1 51. Rb3 h5 52. gxh5 g4 53. Rg3 f5 54. Ke5 1/2-1/2

[Event "IX EICC"]
[Site "Plovdiv BUL"]
[Date "2008.04.30"]
[Round "9"]
[White "Kapnisis,S"]
[Black "Radulski,J"]
[Result "0-1"]
[WhiteElo "2412"]
[BlackElo "2514"]
[EventDate "2008.04.21"]

1. d4 d5 2. c4 e6 3. Nc3 Be7 4. cxd5 exd5 5. Bf4 Nf6 6. e3 O-O 7. Bd3 c5 8.
Nge2 Nc6 9. dxc5 Bxc5 10. O-O d4 11. Na4 Bd6 12. Bxd6 Qxd6 13. h3 Rd8 14.
exd4 Nxd4 15. Nxd4 Qxd4 16. Be2 Bxh3 17. Qxd4 Rxd4 18. gxh3 Rxa4 19. Bf3
Rb8 20. Rfc1 g5 21. Rc7 Rb4 22. b3 a6 23. Re1 b6 24. Re5 h6 25. Be2 Rf4 26.
Bxa6 Ne4 27. Rc2 Rd8 28. Bb7 Rd1+ 29. Kg2 Nc5 30. Bd5 Nd3 31. Re8+ Kg7 32.
Rce2 Rd4 33. Bc4 Nf4+ 34. Kf3 Nxe2 35. Rxe2 R1d2 36. Rxd2 Rxd2 37. a4 f5
38. Ke3 Rb2 39. Kd4 Rxf2 40. Kd5 g4 0-1

[Event "IX EICC"]
[Site "Plovdiv BUL"]
[Date "2008.04.30"]
[Round "9"]
[White "Banikas,H"]
[Black "Pedersen,NicV"]
[Result "1/2-1/2"]
[WhiteElo "2600"]
[BlackElo "2421"]
[EventDate "2008.04.21"]

1. d4 Nf6 2. c4 e6 3. Nc3 Bb4 4. e3 O-O 5. Nge2 d5 6. a3 Be7 7. cxd5 exd5
8. b4 c6 9. g3 b5 10. Bg2 a5 11. bxa5 Rxa5 12. O-O Nbd7 13. Nf4 Nb6 14. Ra2
Nc4 15. Qb3 1/2-1/2

[Event "IX EICC"]
[Site "Plovdiv BUL"]
[Date "2008.04.30"]
[Round "9"]
[White "Morchiashvili,B"]
[Black "Novikov,St1"]
[Result "0-1"]
[WhiteElo "2421"]
[BlackElo "2564"]
[EventDate "2008.04.21"]

1. c4 g6 2. Nc3 Bg7 3. g3 Nf6 4. Bg2 O-O 5. Nf3 d6 6. O-O c5 7. Rb1 Nc6 8.
a3 Bg4 9. b4 Qd7 10. e3 Bh3 11. d4 Bxg2 12. Kxg2 b6 13. d5 Nd8 14. bxc5
bxc5 15. e4 Ng4 16. Qa4 Qc8 17. Bd2 f5 18. Qc2 Nf7 19. exf5 Qxf5 20. Qxf5
gxf5 21. Nb5 Nfe5 22. Nxe5 Nxe5 23. Rfc1 Rab8 24. Bc3 Rb7 25. f4 Ng4 26.
Bxg7 Kxg7 27. h3 Ne3+ 28. Kf3 Nxc4 29. Rxc4 Rfb8 30. Re1 Rxb5 31. Rxe7+ Kf8
32. Rxh7 Rb3+ 33. Ke2 Re8+ 34. Kd2 Rxa3 35. Rh8+ Kf7 36. Rxe8 Kxe8 37. Rc3
Ra2+ 38. Ke3 a5 39. Rb3 a4 40. Rb8+ Kd7 41. Rb7+ Kc8 42. Rb6 a3 43. Kd3 Kc7
44. Rc6+ Kb7 45. Rxd6 Rd2+ 46. Kxd2 a2 47. g4 a1=Q 48. gxf5 Qd4+ 49. Kc2 c4
50. f6 Qd3+ 51. Kb2 0-1

[Event "IX EICC"]
[Site "Plovdiv BUL"]
[Date "2008.04.30"]
[Round "9"]
[White "Blagojevic,Dr"]
[Black "Milchev,N"]
[Result "1-0"]
[WhiteElo "2532"]
[BlackElo "2415"]
[EventDate "2008.04.21"]

1. d4 Nf6 2. c4 c5 3. d5 e6 4. Nc3 exd5 5. cxd5 Bd6 6. Nf3 Bc7 7. Bg5 d6 8.
Nd2 a6 9. a4 Nbd7 10. e4 O-O 11. Be2 Re8 12. O-O h6 13. Bh4 Nf8 14. Re1 Ng6
15. Bg3 Rb8 16. Bf1 Qe7 17. Nc4 Qf8 18. a5 Bg4 19. f3 Bd7 20. f4 Bb5 21.
Qf3 Bxc4 22. Bxc4 Qe7 23. Bd3 Nd7 24. Ra2 Qd8 25. Rea1 Qf6 26. Kh1 Rbc8 27.
Bc4 Qd4 28. Ra4 Qf6 29. Bf1 Rb8 30. h3 Qe7 31. Bd3 Qf8 32. Nd1 Bd8 33. Ne3
Bf6 34. Rb1 Bd4 35. Nf5 Bf6 36. Qg4 Red8 37. h4 Kh8 38. h5 Ne7 39. Nxd6
Nxd5 40. e5 Be7 41. Qf5 N7f6 42. exf6 Nxf6 43. Bh4 Rxd6 44. Bxf6 Rxd3 45.
Bxe7 1-0

[Event "IX EICC"]
[Site "Plovdiv BUL"]
[Date "2008.04.30"]
[Round "9"]
[White "Carlsson,P"]
[Black "Dimitrov,Pa"]
[Result "1/2-1/2"]
[WhiteElo "2514"]
[BlackElo "2414"]
[EventDate "2008.04.21"]

1. e4 c5 2. Nf3 d6 3. Nc3 Nf6 4. d4 cxd4 5. Nxd4 a6 6. Be2 e6 7. O-O Be7 8.
f4 Qc7 9. a4 Nc6 10. Be3 O-O 11. Kh1 e5 12. Nf5 Bxf5 13. exf5 Rfd8 14. Bf3
Rac8 15. Nd5 Nxd5 16. Qxd5 Nb4 17. Qb3 Qc4 18. Qxc4 Rxc4 19. Bb6 Rd7 20. c3
Nd3 21. Be2 Rc6 22. Bxd3 Rxb6 23. Rf2 Bf6 24. g3 d5 25. fxe5 Bxe5 26. Rd1
Kf8 27. Rfd2 Rbd6 28. Be2 Ke7 29. Kg2 d4 30. cxd4 Rxd4 31. Rxd4 Bxd4 32.
Bc4 Bxb2 33. Rxd7+ Kxd7 34. Bxf7 Kd6 35. Kf3 Ke5 36. g4 b5 37. axb5 axb5
38. h4 Bc1 39. Bb3 h6 40. Ba2 Kd4 41. Bg8 b4 42. Bf7 Bd2 43. Ke2 Bf4 44.
Kf3 Ke5 45. Bb3 Bd2 46. Ke2 Bc3 47. Kd3 Kf4 48. Bd1 Bf6 49. Kc4 Be7 50. h5
Ke3 51. Kb3 Bf8 52. Kc2 Kd4 53. Be2 Ke4 54. Bd1 Ke3 55. Kb3 Kd3 56. Bf3 Kd2
57. Kb2 Bd6 58. Kb3 Be7 59. Be4 Ke2 60. Bc2 Bd6 61. Be4 1/2-1/2

[Event "IX EICC"]
[Site "Plovdiv BUL"]
[Date "2008.04.30"]
[Round "9"]
[White "Tukhaev,A"]
[Black "Schroll,G"]
[Result "1/2-1/2"]
[WhiteElo "2512"]
[BlackElo "2410"]
[EventDate "2008.04.21"]

1. e4 e5 2. Nf3 Nf6 3. Nxe5 d6 4. Nf3 Nxe4 5. Nc3 Nxc3 6. dxc3 Be7 7. Be3
Nd7 8. Qd2 Ne5 9. O-O-O Nxf3 10. gxf3 Be6 11. Qd4 Bf6 12. Qb4 Qc8 13. Bd3
a5 14. Qb5+ c6 15. Qh5 a4 16. a3 Qc7 17. f4 Ra5 18. f5 g6 19. Qh6 Bxf5 20.
Bxf5 Rxf5 21. Bf4 Rh5 22. Bxd6 Rxh6 23. Bxc7 O-O 24. Rhe1 Rh3 25. Rd7 b5
26. Bg3 Rc8 27. Re4 h5 28. Kd1 h4 29. Bf4 g5 30. Bc7 Rf3 31. Ke2 Rf5 32.
Bb6 Kg7 33. h3 c5 34. Bc7 Kg6 35. f3 c4 36. Bb6 Rc6 37. Bd4 Bxd4 38. Rdxd4
1/2-1/2

[Event "IX EICC"]
[Site "Plovdiv BUL"]
[Date "2008.04.30"]
[Round "9"]
[White "Stanojoski,Z"]
[Black "Marholev,D"]
[Result "1/2-1/2"]
[WhiteElo "2506"]
[BlackElo "2400"]
[EventDate "2008.04.21"]

1. e4 e5 2. Nf3 Nc6 3. Bb5 a6 4. Ba4 Nf6 5. O-O Be7 6. Re1 b5 7. Bb3 d6 8.
c3 O-O 9. h3 Na5 10. Bc2 c5 11. d4 Qc7 12. Nbd2 cxd4 13. cxd4 Bb7 14. d5
Bc8 15. Nf1 Bd7 16. g4 h5 17. N3h2 hxg4 18. hxg4 Nh7 19. Kg2 Rfc8 20. Bd3
Nb7 21. Ng3 g6 22. Be3 Nc5 23. Rc1 Nxd3 24. Qxd3 Qd8 25. f3 Bg5 26. Nhf1
Rxc1 27. Rxc1 Rc8 28. Rxc8 Qxc8 29. Bxg5 Nxg5 30. Qd2 f6 31. Qc3 Qxc3
1/2-1/2

[Event "IX EICC"]
[Site "Plovdiv BUL"]
[Date "2008.04.30"]
[Round "9"]
[White "Filev,G"]
[Black "Kosic,D"]
[Result "0-1"]
[WhiteElo "2392"]
[BlackElo "2500"]
[EventDate "2008.04.21"]

1. e4 e6 2. d4 d5 3. Nc3 Nf6 4. e5 Nfd7 5. f4 c5 6. Nf3 Nc6 7. Be3 Be7 8.
dxc5 Bxc5 9. Qd2 O-O 10. O-O-O Qa5 11. Nd4 Nxd4 12. Bxd4 a6 13. Kb1 Bxd4
14. Qxd4 b5 15. h4 b4 16. Ne2 Qc5 17. Rh3 a5 18. Qd2 Ba6 19. Nd4 Bxf1 20.
Rxf1 Qc4 21. Re1 Nc5 22. Qe3 Ne4 23. f5 exf5 24. Rf3 Rae8 25. Rxf5 g6 26.
Rff1 Rxe5 27. Qd3 Rfe8 28. Rd1 Qxd3 29. cxd3 Nc5 30. Rf2 Re3 31. Rfd2 Kg7
32. Nc2 Rg3 33. Nd4 Ree3 34. Nf3 h6 35. Kc2 a4 36. Kb1 Rg4 37. Kc2 Ne6 38.
Rh1 Nf4 39. Ne1 Re2 40. Rxe2 Nxe2 41. Kd2 Nd4 42. Rh2 h5 43. a3 bxa3 44.
bxa3 Kf6 45. Kc3 Ke6 46. Rh3 Kd6 47. Rh2 f6 48. Kd2 Ke5 49. Kc3 Nf5 50.
Nf3+ Kf4 51. Kd2 Ne3 52. Ke2 Rxg2+ 53. Rxg2 Nxg2 54. Kf2 Ne3 55. Nd4 Ng4+
0-1

[Event "IX EICC"]
[Site "Plovdiv BUL"]
[Date "2008.04.30"]
[Round "9"]
[White "Hoffmann,Mi1"]
[Black "Luch,M"]
[Result "1/2-1/2"]
[WhiteElo "2471"]
[BlackElo "2383"]
[EventDate "2008.04.21"]

1. e4 e6 2. d4 d5 3. Nc3 dxe4 4. Nxe4 Nd7 5. Nf3 Ngf6 6. Bd3 Nxe4 7. Bxe4
Nf6 8. Bg5 h6 9. Bxf6 Qxf6 10. Qe2 c6 11. Ne5 Bd7 12. O-O Bd6 13. Rfd1 Rd8
14. Nc4 Bc7 15. c3 O-O 16. Bc2 Bc8 17. Rd3 g6 18. Re1 b6 19. Rf3 Qg5 20.
Nd2 Kg7 21. Ne4 Qa5 22. Nf6 Qxa2 23. Qe4 Rd5 24. Nxd5 cxd5 25. Qh4 g5 26.
Qh5 Qxb2 1/2-1/2

[Event "IX EICC"]
[Site "Plovdiv BUL"]
[Date "2008.04.30"]
[Round "9"]
[White "Beckhuis,G"]
[Black "Efimov,Ig"]
[Result "0-1"]
[WhiteElo "2350"]
[BlackElo "2469"]
[EventDate "2008.04.21"]

1. d4 Nf6 2. c4 d6 3. Nf3 c6 4. Nc3 Bf5 5. Nh4 Bd7 6. e4 e5 7. Nf3 Qc7 8.
Be2 Be7 9. O-O O-O 10. Be3 Ng4 11. Bd2 Na6 12. a3 Rad8 13. d5 f5 14. b4 Nf6
15. Bd3 Qc8 16. exf5 cxd5 17. Nxd5 Nxd5 18. cxd5 Bxf5 19. Rc1 Qd7 20. Bxf5
Rxf5 21. Be3 Rdf8 22. Bxa7 Rxf3 23. gxf3 Qh3 24. Kh1 Rxf3 25. Rg1 Rxa3 26.
Qg4 Qxg4 27. Rxg4 h5 28. Rc8+ Kf7 29. Rgc4 Rb3 30. f4 Nxb4 31. fxe5 dxe5
32. Rc3 Rb1+ 33. Rc1 Rxc1+ 34. Rxc1 Nxd5 35. Rb1 Bb4 36. Bf2 e4 37. Be1
Bxe1 38. Rxe1 e3 39. Rb1 b6 40. Kg2 g5 41. Rc1 Ke6 42. Kf3 Ke5 43. Rc6 Kd4
44. Rh6 Kd3 45. Rd6 g4+ 46. Kg2 Ke4 47. Re6+ Kd4 48. Kf1 b5 49. Rh6 b4 50.
Rxh5 b3 51. Rh8 b2 52. Rb8 Kc3 0-1

[Event "IX EICC"]
[Site "Plovdiv BUL"]
[Date "2008.04.30"]
[Round "9"]
[White "Pankov,Ger"]
[Black "Grigorov,G"]
[Result "1/2-1/2"]
[WhiteElo "2349"]
[BlackElo "2456"]
[EventDate "2008.04.21"]

1. d4 Nf6 2. c4 e6 3. Nf3 b6 4. g3 Ba6 5. b3 Bb4+ 6. Bd2 Be7 7. Bg2 O-O 8.
O-O d5 9. cxd5 exd5 10. Nc3 Re8 11. Re1 Bb7 12. Qc2 a5 13. Bf4 Na6 14. Red1
1/2-1/2